000 00245nam a22001217a 4500
999 _c67084
_d67081
082 _aJOH
100 _aJohn,Ridley
245 _aSafety Al Work
250 _a7th Edition
260 _aNew York
_bElserire
_c2008
300 _a1030p
942 _cBK